Statistics for Capitals of the Countries that Start with L

Click here to take the quiz!

General Stats

  • This quiz has been taken 130 times
  • The average score is 8 of 9

Answer Stats

CountryCapital% Correct
LuxembourgLuxembourg
98%
LatviaRiga
97%
LebanonBeirut
96%
LibyaTripoli
95%
LithuaniaVilnius
93%
LiechtensteinVaduz
92%
LaosVientiane
92%
LiberiaMonrovia
85%
LesothoMaseru
70%

Score Distribution

Percentile by Number Answered

Percent of People with Each Score

Your Score History

You have not taken this quiz